Statistics for Take me to church - Hozier lyrics

Click here to take the quiz!

General Stats

  • This quiz has been taken 1,343 times
    (1,337 since last reset)
  • The average score is 230 of 311

Answer Stats

Answer % Correct
a
98%
I
98%
to
97%
me
97%
Take
96%
take
96%
church
96%
my
95%
the
94%
you
93%
like
90%
love
89%
worship
89%
dog
88%
your
88%
Ill
87%
so
87%
ill
87%
I'll
87%
at
87%
of
87%
life
86%
sin
85%
she
85%
can
84%
tell
83%
knife
83%
got
82%
lovers
81%
funeral
81%
sins
81%
give
81%
lover's
81%
sharpen
80%
be
80%
good
79%
she's
79%
let
79%
on
79%
ever
79%
god
79%
in
78%
giggle
77%
and
77%
every
77%
"we
76%
that
76%
shrine
75%
death
75%
am
75%
is
73%
heaven
73%
it
72%
offer
72%
her
72%
amen
71%
If
71%
have
71%
if
71%
no
71%
should
71%
sooner
70%
sick
69%
speak
69%
sick"
69%
did
69%
last
68%
but
68%
born
68%
with
67%
was
67%
get
67%
I'm
67%
when
67%
were
67%
everybodys
67%
humour
66%
say
66%
true
65%
deathless
65%
only
65%
disapproval
65%
more
63%
them
63%
worshipped
63%
bedroom
63%
getting
63%
heavens
63%
lies
62%
heard
61%
mouthpiece
61%
alone
61%
fresh
60%
sent
59%
poison
59%
week
59%
sundays
58%
each
58%
well
56%
bleak
55%
tell's
54%
offers
52%
then
50%
for
50%
command
49%
human
49%
there
49%
this
48%
side
48%
knows
48%
times
47%
horse
47%
high
47%
sacrifice
46%
what
46%
tasty
45%
plenty
44%
hungry
44%
stable?
44%
looks
44%
fine
44%
absolutes
44%
ritual
44%
begins
44%
looking
44%
that's
43%
sunlight
43%
pagan
43%
something
43%
or
42%
than
42%
our
41%
keep
41%
sweeter
41%
course
41%
main
41%
shiny
41%
demands
40%
work
39%
whole
39%
masters
39%
innocence
39%
gentle
37%
sea
37%
goddess
37%
kings
36%
faithful
36%
madness
35%
meaty
35%
clean
34%
starving
33%
drain
33%
lot
31%
sad
29%
we've
29%
soil
27%
scene
27%
earthly
25%

Score Distribution

Percentile by Number Answered

Percent of People with Each Score

Your Score History

You have not taken this quiz since the last reset